000 00733cam a2200229 a 4500
001 14480916
005 20180823083348.0
008 060804s2006 stka 001 0 eng
010 _a 2006280114
020 _a9780443068508
020 _a044306850X
040 _aDLC
_cDLC
_dDLC
041 _aeng
080 _a611.018
082 0 0 _a611.018
_222
100 _a9
101 _aHIS
245 0 0 _aWheater's functional histology :
_cBarbara Young ... [et al.] ; drawings by Philip J. Deakin.
906 _a7
_bcbc
_corigcop
_d2
_encip
_f20
_gy-gencatlg
942 _2ddc
_cBK
999 _c47288
_d47288